Yo estoy así porque me fui para Estados Unidos" /

में बचाया:
ग्रंथसूची विवरण
मुख्य लेखक: Hernández, José Luis
स्वरूप: मूलपाठ
टैग: टैग जोड़ें
कोई टैग नहीं, इस रिकॉर्ड को टैग करने वाले पहले व्यक्ति बनें!

MARC

LEADER 00000 a a2200000 04500
001 41674
003
040
100 |a Hernández, José Luis  
245 |a Yo estoy así porque me fui para Estados Unidos" /  |c José Luis Hernández 
773 |g volumen7, número23 (2009), páginas 46-48  
999 |c 29532  |d 29532